North American Capitals - Statistics

General Stats
  • This quiz has been taken 18,560 times
  • The average score is 16 of 23
Answer Stats
Country Capital % Correct
Mexico Mexico City
94%
United States Washington D.C.
94%
Canada Ottawa
91%
Cuba Havana
89%
Panama Panama City
86%
Jamaica Kingston
83%
El Salvador San Salvador
82%
Guatemala Guatemala City
79%
Haiti Port-au-Prince
77%
The Bahamas Nassau
72%
Costa Rica San Jose
72%
Dominican Republic Santo Domingo
68%
Trinidad and Tobago Port-of-Spain
64%
Nicaragua Managua
62%
St. Vincent and the Grenadines Kingstown
61%
Belize Belmopan
58%
Barbados Bridgetown
57%
Honduras Tegucigalpa
55%
Antigua and Barbuda St. John's
53%
Dominica Roseau
48%
Grenada St. George's
46%
St. Lucia Castries
44%
St. Kitts and Nevis Basseterre
42%
No matching quizzes found
Score Distribution
Percent of People with Each Score
Percentile by Number Answered
Your Score History
You have not taken this quiz